00433nam a2200157Ia 45000010006000000050017000060080041000230410008000640820016000721000045000882450089001332600009002223000028002316500008002596540008002672515320260414151131.0260414t2017||||xx |||||||||||||| ||spa|| aESP a364.24bT21 aTapias Saldaña, Ángela CristinaeAUT 0aPsicología forense :bcasos y modelos de pericias para América Central y del Sur c2017 a383 páginas :c24 cm. aDER aCDE